| 000 | 00699nam a2200229Ia 4500 | ||
|---|---|---|---|
| 001 | 8813 | ||
| 003 | GE_BSU | ||
| 008 | 181216s||||||||xx |||||||||||||| ||und|| | ||
| 040 | _cGE_BSU | ||
| 080 | _a821.353.1–31 | ||
| 100 | _aკალანდაძე,ალექსანდრე | ||
| 245 | _aშარავანდედი | ||
| 245 | _bრომანი | ||
| 245 | _cრედ.ც.ქაროსანიძე;მხატვ.სპ. ცინცაძე | ||
| 260 | _aთბილისი | ||
| 260 | _bმერანი | ||
| 260 | _c1981 | ||
| 300 | _a464გვ.21სმ. | ||
| 653 | _aრომანი | ||
| 653 | _aშარავანდედი | ||
| 942 | _cBK | ||
| 999 |
_c42121 _d42121 |
||